[Event "It (open)"]
[Site "Taby (Sweden)"]
[Date "2007.08.05"]
[Round "2"]
[White "Dlugosz Jedrzej (POL)"]
[Black "Agrest Evgenij (SWE)"]
[Result "1/2-1/2"]
[WhiteElo "2316"]
[BlackElo "2541"]
[PlyCount "91"]
[EventDate "2007.??.??"]
[Source "www.chesslib.no"]
[SourceDate "2004.05.04"]

1. e4 c5 2. Nf3 d6 3. d4 Nf6 4. Nc3 cxd4 5. Nxd4 g6 6. f4 Nbd7 7. Bc4 Bg7 8. Nf3 Nb6 9. Bb3 O-O 10. O-O Nfd7 11. f5 Nc5 12. Qe1 Nxb3 13. axb3 gxf5 14. Qh4 e6 15. Bg5 f6 16. Bh6 e5 17. Rad1 f4 18. Rd2 Be6 19. g3 Bxh6 20. Qxh6 Kh8 21. gxf4 Rg8+ 22. Rg2 Rxg2+ 23. Kxg2 Qe7 24. Nh4 Rg8+ 25. Kh1 Qg7 26. Qxg7+ Rxg7 27. fxe5 fxe5 28. Rf6 Re7 29. Nf5 Bxf5 30. Rxf5 Kg7 31. Kg2 Rc7 32. Kf3 Nc8 33. Ke3 Ne7 34. Rg5+ Ng6 35. Rg2 a6 36. Nd5 Rf7 37. Rf2 Nf8 38. Rg2+ Ng6 39. Rf2 Rxf2 40. Kxf2 Nf8 41. Ne3 Kf6 42. Nf5 Ke6 43. Ng7+ Ke7 44. Nf5+ Kd7 45. Kf3 Ke6 46. Ng7+ 1/2-1/2

[Event "Balatonbereny Open"]
[Site "Balatonbereny HUN"]
[Date "1988.??.??"]
[Round "8"]
[White "Barczay, Laszlo"]
[Black "Ilincic, Zlatko"]
[Result "1-0"]
[WhiteElo "2410"]
[BlackElo "2445"]
[PlyCount "105"]
[EventDate "1988.09.??"]
[Source "www.chesslib.no"]
[SourceDate "2004.05.04"]

1. e4 c5 2. Nf3 d6 3. d4 cxd4 4. Nxd4 Nf6 5. Nc3 g6 6. f4 Nbd7 7. Nf3 Qc7 8. Bd3 Bg7 9. O-O O-O 10. Qe1 Nc5 11. Kh1 Nxd3 12. cxd3 Qd7 13. f5 b5 14. a3 Bb7 15. Qh4 Rfe8 16. Bh6 Bh8 17. Ng5 e6 18. fxe6 fxe6 19. Rf3 Bc6 20. Raf1 Qe7 21. h3 a5 22. Qf2 b4 23. Ne2 bxa3 24. bxa3 Rab8 25. Nd4 Bd7 26. Rxf6 Bxf6 27. Qxf6 Rb1 28. Kh2 Rxf1 29. Qxf1 Rb8 30. Ngxe6 Bxe6 31. Nc6 Qh4 32. Nxb8 Qxh6 33. Nc6 Qg5 34. Qf2 a4 35. d4 Bd7 36. Nb4 Be6 37. Qg3 Qxg3+ 38. Kxg3 Bb3 39. Kf4 Kf7 40. g4 h6 41. h4 Kf6 42. g5+ hxg5+ 43. hxg5+ Ke6 44. d5+ Kd7 45. e5 dxe5+ 46. Kxe5 Ke7 47. Na6 Bc2 48. Nc5 Bd1 49. d6+ Kd8 50. Kd5 Bf3+ 51. Ke6 Bg4+ 52. Kf6 Bf5 53. Nxa4 1-0

[Event "TCh-NED Playoff"]
[Site "Enschede"]
[Date "2003.06.22"]
[Round "2"]
[White "Feygin, Michail"]
[Black "Los, Sander"]
[Result "1/2-1/2"]
[WhiteElo "2495"]
[BlackElo "2345"]
[PlyCount "104"]
[EventDate "2003.06.21"]
[Source "Roberto Alvarez"]
[SourceDate "2003.06.30"]

1. e4 c5 2. Nf3 d6 3. d4 cxd4 4. Nxd4 Nf6 5. Nc3 g6 6. f4 Nbd7 7. Nf3 Bg7 8. e5 dxe5 9. fxe5 Ng4 10. e6 fxe6 11. Ng5 Qa5 12. Bd2 Qe5+ 13. Qe2 Nc5 14. O-O-O Qxe2 15. Bxe2 Nf2 16. Be3 Nxd1 17. Rxd1 Bf6 18. h4 b6 19. Bb5+ Kf8 20. b4 h6 21. bxc5 hxg5 22. Ne4 gxh4 23. c6 e5 24. c7 Bf5 25. Bh6+ Kf7 26. Bc4+ Be6 27. Nxf6 Bxc4 28. Ng4 Be2 29. Nxe5+ Ke6 30. Rd2 Kxe5 31. Bg7+ Ke6 32. Bxh8 Ba6 33. Bg7 Rc8 34. Rd4 g5 35. Re4+ Kf7 36. Be5 Bb7 37. Re2 Kg6 38. Kd2 Kf5 39. Bh2 g4 40. Rf2+ Kg6 41. Be5 g3 42. Rf4 Kg5 43. Rf7 e6 44. Bd6 Bxg2 45. Ke3 Bd5 46. Rg7+ Kh6 47. Rd7 Kg6 48. a3 Kf5 49. c4 Bxc4 50. Rf7+ Kg5 51. Rg7+ Kh5 52. Bf4 e5 1/2-1/2

[Event "Odorheiu Secuiesc zt"]
[Site "Odorheiu Secuiesc"]
[Date "1995.??.??"]
[Round "4"]
[White "Mrva, Martin"]
[Black "Jirovsky, Milos"]
[Result "1-0"]
[WhiteElo "2400"]
[BlackElo "2425"]
[PlyCount "43"]
[EventDate "1995.03.??"]
[Source "ChessBase"]

1. e4 c5 2. Nf3 d6 3. d4 cxd4 4. Nxd4 Nf6 5. Nc3 g6 6. f4 Nbd7 7. Nf3 Qc7 8. Bd3 Bg7 9. O-O O-O 10. Qe1 a6 11. Kh1 b5 12. e5 dxe5 13. fxe5 Ng4 14. Nd5 Qd8 15. Bg5 f6 16. exf6 exf6 17. Ne7+ Kf7 18. Bxf6 Bxf6 19. Ng5+ Kg7 20. Ne6+ Kh8 21. Nxd8 Rxd8 22. h3 1-0

[Event "Teheran zt 3.1a"]
[Site "Teheran"]
[Date "2001.04.07"]
[Round "5"]
[White "Mallahi, Amir"]
[Black "Hakki, Imad"]
[Result "1-0"]
[WhiteElo "2382"]
[BlackElo "2440"]
[PlyCount "32"]
[EventDate "2001.04.05"]
[Source "ChessBase"]
[SourceDate "2001.05.06"]

1. e4 c5 2. Nf3 d6 3. d4 cxd4 4. Nxd4 Nf6 5. Nc3 g6 6. f4 Nbd7 7. Nf3 Qc7 8. e5 dxe5 9. fxe5 Nxe5 10. Nb5 Qb8 11. Bf4 Nd3+ 12. Qxd3 Qxf4 13. Qc3 Rb8 14. Nc7+ Kd8 15. Rd1+ Bd7 16. Ne5 Ne4 1-0

[Event "Riga"]
[Site "Riga"]
[Date "1981.??.??"]
[Round "9"]
[White "Bielczyk, Jacek"]
[Black "Mortensen, Erling"]
[Result "1/2-1/2"]
[WhiteElo "2405"]
[BlackElo "2395"]
[PlyCount "63"]
[EventDate "1981.08.??"]
[Source "ChessBase"]

1. e4 c5 2. Nf3 d6 3. d4 cxd4 4. Nxd4 Nf6 5. Nc3 g6 6. f4 Nbd7 7. Nf3 Qc7 8. Bd3 a6 9. a4 Bg7 10. O-O b6 11. Qe2 O-O 12. Kh1 Bb7 13. Bd2 e6 14. Rac1 Rfe8 15. Rce1 Nc5 16. b4 Nxd3 17. cxd3 Rac8 18. Rc1 Qd8 19. e5 Nd5 20. Ne4 Rxc1 21. Rxc1 Bf8 22. Qe1 f6 23. Qg3 dxe5 24. fxe5 fxe5 25. Nxe5 Bg7 26. Bg5 Qb8 27. Nc6 Qxg3 28. hxg3 Bxc6 29. Rxc6 Nxb4 30. Rxb6 Nxd3 31. Rxa6 Ne5 32. Rd6 1/2-1/2

[Event "CZE-chT2 9899"]
[Site "CZE"]
[Date "1998.??.??"]
[Round "?"]
[White "Vavra, Pavel"]
[Black "Stocek, Jiri"]
[Result "0-1"]
[WhiteElo "2340"]
[BlackElo "2450"]
[PlyCount "79"]
[EventDate "1998.??.??"]
[Source "www.chesslib.no"]
[SourceDate "2004.05.04"]

1. e4 c5 2. Nf3 d6 3. d4 cxd4 4. Nxd4 Nf6 5. Nc3 g6 6. f4 Nbd7 7. e5 dxe5 8. fxe5 Nxe5 9. Bf4 Ned7 10. Ndb5 e5 11. Be3 Bc5 12. Nd6+ Ke7 13. Nxc8+ Rxc8 14. Bg5 Bb4 15. Qd2 Bxc3 16. bxc3 h6 17. Bxh6 Qa5 18. c4 Qxd2+ 19. Bxd2 Ne4 20. Be3 Ng3 21. Rg1 Nxf1 22. Rxf1 Rxh2 23. Rg1 Rxc4 24. O-O-O b6 25. Rd2 Rg4 26. Bf2 Nf6 27. g3 Ke6 28. Be1 Rxd2 29. Kxd2 Ra4 30. Kc3 Rxa2 31. Kb3 Ra1 32. c4 Ne4 33. Kb2 Rd1 34. Kc2 Rd4 35. Kb3 a5 36. g4 g5 37. Rf1 f6 38. Rf3 Rd1 39. Bf2 Nxf2 40. Rxf2 0-1

[Event "USA-ch U18"]
[Site "Catonsville"]
[Date "2000.07.15"]
[Round "8"]
[White "Perelshteyn, Eugene"]
[Black "Zaremba, Andrie"]
[Result "1-0"]
[WhiteElo "2429"]
[BlackElo "2337"]
[PlyCount "85"]
[EventDate "2000.07.07"]
[Source "ChessBase"]
[SourceDate "2000.09.14"]

1. e4 c5 2. Nf3 d6 3. d4 cxd4 4. Nxd4 Nf6 5. Nc3 g6 6. f4 Nbd7 7. Be2 Bg7 8. O-O O-O 9. Kh1 a6 10. Bf3 Qc7 11. g4 h6 12. Nde2 Rb8 13. h4 b5 14. g5 hxg5 15. hxg5 Ne8 16. f5 Ne5 17. Bg2 Qd8 18. Be3 b4 19. Nd5 e6 20. f6 exd5 21. fxg7 Nxg7 22. Qxd5 Be6 23. Qd1 Bg4 24. Qe1 Ne6 25. Nf4 Qxg5 26. Nd5 Qh5+ 27. Kg1 f5 28. Qg3 Rb7 29. exf5 gxf5 30. Nf4 Nxf4 31. Bxf4 Rg7 32. Kf2 Rc8 33. Qb3+ Nf7 34. Rh1 Qg6 35. Rh6 Rxc2+ 36. Ke3 Rxb2 37. Qd5 Re2+ 38. Kd3 Re8 39. Rxg6 Rxg6 40. Bf3 Bxf3 41. Qxf3 Re4 42. Qh5 Rg4 43. Qxg4+ 1-0

[Event "Capablanca mem-C 13th"]
[Site "Cienfuegos City CUB"]
[Date "1976.05.27"]
[Round "11"]
[White "Castro, Oscar H"]
[Black "Quinones, Oscar Carillo"]
[Result "1-0"]
[WhiteElo "2380"]
[BlackElo "2350"]
[PlyCount "63"]
[EventDate "1976.05.17"]
[Source "www.chesslib.no"]
[SourceDate "2004.05.04"]

1. e4 c5 2. Nf3 d6 3. d4 cxd4 4. Nxd4 Nf6 5. Nc3 g6 6. f4 Nbd7 7. Nf3 Qc7 8. Qd4 Bg7 9. e5 Ng4 10. h3 dxe5 11. Nd5 Qc6 12. Qc4 e4 13. Ng5 Qxc4 14. Bxc4 Nh6 15. Nc7+ Kd8 16. Nxa8 b5 17. Bxb5 Bb7 18. Be3 Kc8 19. O-O-O Nf6 20. Bxa7 Bxa8 21. Bc4 e6 22. Bd4 Rd8 23. Nxf7 Nxf7 24. Bxe6+ Kc7 25. Bxf7 Rxd4 26. Rxd4 Nh5 27. Rc4+ Kb6 28. Rd1 Nxf4 29. Rd6+ Ka7 30. Rc7+ Kb8 31. Re7 Kc8 32. Bc4 1-0

[Event "Match"]
[Site "Birmingham m"]
[Date "1973.??.??"]
[Round "?"]
[White "Eley, Brian"]
[Black "Miles, Anthony J"]
[Result "0-1"]
[WhiteElo "2350"]
[BlackElo "2375"]
[PlyCount "80"]
[EventDate "1973.??.??"]
[Source "www.chesslib.no"]
[SourceDate "2004.05.04"]

1. e4 c5 2. Nf3 d6 3. d4 cxd4 4. Nxd4 Nf6 5. Nc3 g6 6. f4 Nbd7 7. Be2 Bg7 8. O-O O-O 9. Bf3 a6 10. Nb3 Nb6 11. a4 Nc4 12. a5 b6 13. g4 Rb8 14. f5 Bd7 15. Be2 b5 16. g5 Ne8 17. Nd4 Nc7 18. h4 Ne5 19. Be3 b4 20. Nd5 Nxd5 21. exd5 Qc8 22. f6 exf6 23. gxf6 Bh8 24. Rf4 Re8 25. Qf1 Nc4 26. Bxc4 Rxe3 27. Bxa6 Qc5 28. Bc4 Bxf6 29. Rd1 Be5 30. a6 Rg3+ 31. Kh2 Bxf4 32. Qxf4 Rh3+ 33. Kg1 Qxc4 34. Qxd6 Qc8 35. Rf1 Qe8 36. Qf4 Qe3+ 37. Qxe3 Rxe3 38. Rf6 Ra8 39. Rd6 Be8 40. Kf2 Re4 0-1

[Event "BRA Ch"]
[Site "Caxias do Sul"]
[Date "1975.07.??"]
[Round "5"]
[White "Van Riemsdijk, Herman C"]
[Black "Camara, Helder"]
[Result "0-1"]
[WhiteElo "2370"]
[BlackElo "2340"]
[PlyCount "72"]
[EventDate "1975.07.06"]
[Source "www.chesslib.no"]
[SourceDate "2004.05.04"]

1. e4 c5 2. Nf3 d6 3. d4 cxd4 4. Nxd4 Nf6 5. Nc3 g6 6. f4 Nbd7 7. Nb3 Bg7 8. Be2 Qc7 9. O-O O-O 10. Be3 a6 11. a4 b6 12. Bf3 Bb7 13. Rf2 Rfd8 14. Qf1 Rac8 15. Rd2 Qb8 16. Re1 Qa8 17. Bf2 Bh6 18. g3 Bg7 19. h3 Rxc3 20. bxc3 Bxe4 21. Bg2 Rc8 22. Rde2 d5 23. Nd2 Bxg2 24. Qxg2 e6 25. Bd4 Qc6 26. g4 Nc5 27. f5 Nfe4 28. Nxe4 Nxe4 29. Rxe4 dxe4 30. f6 Bf8 31. Qxe4 Qxa4 32. Qb7 Qc6 33. Qxa6 Bc5 34. Qd3 h6 35. h4 Qd5 36. Re5 Qxe5 0-1

[Event "Corr"]
[Site "?"]
[Date "2001.05.03"]
[Round "?"]
[White "Ceteras Marius"]
[Black "Balabaev Farid Gasisovich"]
[Result "1-0"]
[WhiteElo "2454"]
[BlackElo "2255"]
[PlyCount "59"]
[EventDate "2001.??.??"]
[Source "www.chesslib.no"]
[SourceDate "2004.05.04"]

1. e4 c5 2. Nf3 d6 3. d4 cxd4 4. Nxd4 Nf6 5. Nc3 g6 6. f4 Nbd7 7. Be2 Bg7 8. Bf3 Qb6 9. Nb3 a5 10. a4 O-O 11. Qe2 Nc5 12. Be3 Qb4 13. Bxc5 dxc5 14. O-O-O Be6 15. g3 Rad8 16. e5 Nd7 17. Qb5 b6 18. Nd5 Bxd5 19. Rxd5 c4 20. Qxb4 axb4 21. Nd2 Nxe5 22. Rxe5 Bxe5 23. fxe5 Rc8 24. c3 bxc3 25. bxc3 Rc5 26. Kc2 Rxe5 27. Nxc4 Rf5 28. Be4 Rf2+ 29. Kb3 e6 30. Nxb6 1-0

[Event "Skopje ol (Men)"]
[Site "Skopje MKD"]
[Date "1972.10.05"]
[Round "9.1"]
[White "Sarapu, Ortvin"]
[Black "Levy, David N L"]
[Result "1/2-1/2"]
[WhiteElo "2340"]
[BlackElo "2350"]
[PlyCount "38"]
[EventDate "1972.09.??"]
[Source "www.chesslib.no"]
[SourceDate "2004.05.04"]

1. e4 c5 2. Nf3 d6 3. d4 cxd4 4. Nxd4 Nf6 5. Nc3 g6 6. f4 Nbd7 7. Be2 Bg7 8. Be3 O-O 9. Qd2 a6 10. O-O Qc7 11. Bf3 Nb6 12. b3 Bg4 13. e5 dxe5 14. fxe5 Qxe5 15. Bxb7 Rad8 16. Nc6 Qc7 17. Nxd8 Rxd8 18. Qf2 Nbd7 19. Bxa6 Qxc3 1/2-1/2

[Event "Corr"]
[Site "?"]
[Date "1997.??.??"]
[Round "?"]
[White "Malmstroem Jan"]
[Black "Fester Albrecht"]
[Result "0-1"]
[WhiteElo "2230"]
[BlackElo "2460"]
[PlyCount "70"]
[EventDate "1997.??.??"]
[Source "www.chesslib.no"]
[SourceDate "2004.05.04"]

1. e4 c5 2. Nf3 d6 3. d4 cxd4 4. Nxd4 Nf6 5. Nc3 g6 6. f4 Nbd7 7. Be2 Bg7 8. O-O O-O 9. Be3 a6 10. Bf3 Qc7 11. Qe1 e5 12. Nb3 exf4 13. Bxf4 Ne5 14. Kh1 b5 15. Rd1 Bb7 16. a3 Rfe8 17. Qg3 Nc4 18. Bxd6 Nxd6 19. Qxd6 Qxd6 20. Rxd6 Nxe4 21. Rd7 Bxc3 22. bxc3 Nf2+ 23. Kg1 Bxf3 24. Rxf2 Re1+ 25. Rf1 Rxf1+ 26. Kxf1 Be4 27. Nd4 Rc8 28. Rd6 Rxc3 29. Rxa6 Rc4 30. Rd6 Kf8 31. g3 Ke7 32. Nxb5 Bc6 33. Rxc6 Rxc6 34. c3 Rc5 35. a4 Rc4 0-1

[Event "Ticino Open"]
[Site "Ticino"]
[Date "1992.??.??"]
[Round "2"]
[White "Schneider, Attila"]
[Black "Gerber, Richard"]
[Result "0-1"]
[WhiteElo "2375"]
[BlackElo "2310"]
[PlyCount "52"]
[EventDate "1992.??.??"]
[Source "www.chesslib.no"]
[SourceDate "2004.05.04"]

1. e4 c5 2. Nf3 d6 3. d4 cxd4 4. Nxd4 Nf6 5. Nc3 g6 6. f4 Nbd7 7. Be3 Bg7 8. Qf3 O-O 9. O-O-O a6 10. g4 Nc5 11. f5 Nfd7 12. h4 h6 13. Bc4 Ne5 14. Qe2 Nxc4 15. Qxc4 b5 16. Qe2 Bb7 17. fxg6 fxg6 18. Ndxb5 Nxe4 19. Qc4+ Kh8 20. Nd4 Nxc3 21. bxc3 Bxh1 22. Rxh1 Qc8 23. Qd3 Rb8 24. g5 h5 25. Qxg6 Qxc3 26. Qe4 d5 0-1

[Event "CRO Ch"]
[Site "Zagreb CRO"]
[Date "1993.??.??"]
[Round "3"]
[White "Leventic, Ivan"]
[Black "Grguric, Dragan"]
[Result "1-0"]
[WhiteElo "2405"]
[BlackElo "2275"]
[PlyCount "61"]
[EventDate "1993.??.??"]
[Source "www.chesslib.no"]
[SourceDate "2004.05.04"]

1. e4 c5 2. Nf3 d6 3. d4 cxd4 4. Nxd4 Nf6 5. Nc3 g6 6. f4 Nbd7 7. Nf3 Bg7 8. Bc4 Qa5 9. Bd2 Qc5 10. Qe2 e5 11. O-O-O O-O 12. Be3 Qb4 13. a3 Qa5 14. Rxd6 Ng4 15. Rd5 Qc7 16. Nb5 Qb8 17. Bd2 a6 18. Nd6 Nb6 19. Rd3 Nxc4 20. Nxc4 b5 21. Nd6 a5 22. h3 b4 23. Nxc8 Rxc8 24. hxg4 Qc7 25. Be3 Bf8 26. a4 Qc4 27. b3 Qxe4 28. Nxe5 Bc5 29. Re1 f6 30. Qf3 Bxe3+ 31. Rexe3 1-0

[Event "Skopje ol (Men)"]
[Site "Skopje MKD"]
[Date "1972.??.??"]
[Round "2"]
[White "Van Riemsdijk, Herman C"]
[Black "Whiteley, Andrew J"]
[Result "0-1"]
[WhiteElo "2345"]
[BlackElo "2310"]
[PlyCount "84"]
[EventDate "1972.09.??"]
[Source "www.chesslib.no"]
[SourceDate "2004.05.04"]

1. e4 c5 2. Nf3 d6 3. d4 cxd4 4. Nxd4 Nf6 5. Nc3 g6 6. f4 Nbd7 7. Be2 Bg7 8. Be3 a6 9. Bf3 O-O 10. O-O e5 11. Nde2 exf4 12. Nxf4 Ne5 13. Ncd5 Nxd5 14. Nxd5 Nc4 15. Bd4 Nxb2 16. Bxg7 Nxd1 17. Bf6 Ne3 18. Bxd8 Nxd5 19. Bg5 Nb4 20. c3 Nc6 21. Rfd1 f6 22. Bh4 g5 23. Bf2 Ne5 24. Rxd6 Bd7 25. Bd1 Bc6 26. Bb3+ Kg7 27. Bd4 Rad8 28. Rxd8 Rxd8 29. Re1 Re8 30. Bc2 Bb5 31. h3 h5 32. Kf2 Nc6 33. Bb3 Ne5 34. Rd1 Nd3+ 35. Ke3 Nf4 36. Kf3 Be2+ 37. Kf2 Bxd1 38. Bxd1 Rxe4 39. Bf3 Re7 40. Be3 Nd3+ 41. Ke2 Ne5 42. Bd5 Kg6 0-1

[Event "Capablanca mem-C 13th"]
[Site "Cienfuegos City CUB"]
[Date "1976.05.25"]
[Round "9"]
[White "Gutierrez, Jose A"]
[Black "Triana, Justo"]
[Result "1-0"]
[WhiteElo "2320"]
[BlackElo "2330"]
[PlyCount "79"]
[EventDate "1976.05.17"]
[Source "www.chesslib.no"]
[SourceDate "2004.05.04"]

1. e4 c5 2. Nf3 d6 3. d4 cxd4 4. Nxd4 Nf6 5. Nc3 g6 6. f4 Nbd7 7. Be2 Bg7 8. Be3 O-O 9. Nb3 a6 10. Bf3 Qc7 11. O-O Nb6 12. g4 Nc4 13. Bc1 e6 14. Qe1 Nd7 15. a4 Rb8 16. Bg2 b5 17. axb5 axb5 18. f5 b4 19. Nd1 Re8 20. Qh4 exf5 21. gxf5 Nc5 22. f6 Bh8 23. Nd4 Qb6 24. e5 Ne6 25. Bd5 Qxd4+ 26. Qxd4 Nxd4 27. Bxc4 dxe5 28. Ne3 Bb7 29. Ra7 Rec8 30. b3 Nf3+ 31. Rxf3 Bxf3 32. Bxf7+ Kf8 33. Nd5 Bxf6 34. Bh6+ Bg7 35. Be6 Bxd5 36. Bxd5 Ke8 37. Bxg7 Rb6 38. Bh6 Rxc2 39. Bg5 h6 40. Bf7+ 1-0

[Event "Lomas de Zamora op"]
[Site "?"]
[Date "1995.??.??"]
[Round "7"]
[White "Szmetan Jorge"]
[Black "Iglesias Alejandro"]
[Result "0-1"]
[WhiteElo "2435"]
[BlackElo "2200"]
[PlyCount "74"]
[EventDate "1995.??.??"]
[Source "www.chesslib.no"]
[SourceDate "2004.05.04"]

1. Nf3 d6 2. e4 Nf6 3. Nc3 c5 4. d4 cxd4 5. Nxd4 g6 6. f4 Nbd7 7. Bc4 Bg7 8. Nf3 O-O 9. O-O b5 10. Bd3 b4 11. Ne2 Nc5 12. Ng3 Bb7 13. Qe2 e6 14. e5 dxe5 15. Nxe5 Nxd3 16. Nxd3 h5 17. Be3 h4 18. Nh1 h3 19. gxh3 Rc8 20. Ng3 Nd5 21. Bxa7 Rc4 22. b3 Nc3 23. Qf2 Rd4 24. a3 bxa3 25. Qd2 Nb5 26. Bc5 Qd5 27. b4 Rc8 28. Rf2 Rxc5 29. bxc5 Re4 30. Ne5 Rxe5 31. fxe5 Qxe5 32. Qd8+ Bf8 33. Raf1 Qxc5 34. Qd7 Nd6 35. Rd1 a2 36. Rxd6 a1=Q+ 37. Rd1 Qf6 0-1

[Event "Leeuwarden Open"]
[Site "Leeuwarden NED"]
[Date "1993.??.??"]
[Round "6"]
[White "Ankerst, Mihael"]
[Black "Riemersma, Liafbern"]
[Result "0-1"]
[WhiteElo "2205"]
[BlackElo "2415"]
[PlyCount "48"]
[EventDate "1993.08.??"]
[Source "www.chesslib.no"]
[SourceDate "2004.05.04"]

1. e4 c5 2. Nf3 d6 3. d4 cxd4 4. Nxd4 Nf6 5. Nc3 g6 6. f4 Nbd7 7. Be2 Bg7 8. g4 Nc5 9. Bf3 Bxg4 10. Be3 Bxf3 11. Qxf3 O-O 12. O-O-O Qa5 13. Rhg1 Na4 14. Rg5 Qb4 15. Nxa4 Qxa4 16. e5 dxe5 17. fxe5 Nd7 18. e6 Ne5 19. exf7+ Nxf7 20. Qd5 Rad8 21. Qa5 Bxd4 22. Qxa4 Bxe3+ 23. Rd2 Rxd2 24. Qe4 Bxg5 0-1

[Event "NOR Ch"]
[Site "Norway"]
[Date "1992.??.??"]
[Round "7"]
[White "Kristiansen, Erling"]
[Black "Scholseth, Tor Kristian"]
[Result "1-0"]
[WhiteElo "2295"]
[BlackElo "2315"]
[PlyCount "70"]
[EventDate "1992.??.??"]
[Source "www.chesslib.no"]
[SourceDate "2004.05.04"]

1. e4 c5 2. Nf3 d6 3. d4 cxd4 4. Nxd4 Nf6 5. Nc3 g6 6. f4 Nbd7 7. Be2 Bg7 8. Be3 O-O 9. Nb3 a6 10. a4 b6 11. Bf3 Bb7 12. O-O Qc7 13. Qe2 Rac8 14. Nd2 Rfe8 15. g4 e5 16. f5 d5 17. exd5 e4 18. Bg2 Nxd5 19. Nxd5 Bxd5 20. c3 Ne5 21. Bxe4 Bc4 22. Nxc4 Nxc4 23. Bf4 Qc5+ 24. Kh1 Nxb2 25. Qg2 Qxc3 26. Bd5 Re7 27. Rac1 Nxa4 28. Rxc3 Nxc3 29. Bb7 Rce8 30. Bxa6 b5 31. Qc6 Ne2 32. Bxb5 Nxf4 33. Rxf4 Re1+ 34. Kg2 Rd8 35. Bc4 Be5 1-0

[Event "Katowice Open"]
[Site "Katowice POL"]
[Date "1990.??.??"]
[Round "6"]
[White "Efimov, Igor"]
[Black "Bakalarz, Leszek"]
[Result "1-0"]
[WhiteElo "2400"]
[BlackElo "2205"]
[PlyCount "71"]
[EventDate "1990.??.??"]
[Source "www.chesslib.no"]
[SourceDate "2004.05.04"]

1. e4 c5 2. Nf3 d6 3. d4 cxd4 4. Nxd4 Nf6 5. Nc3 g6 6. f4 Nbd7 7. Be2 Bg7 8. Bf3 O-O 9. Be3 a6 10. O-O e5 11. Nb3 exf4 12. Bxf4 Ne5 13. Kh1 Be6 14. Be2 Rc8 15. Bg5 h6 16. Bh4 g5 17. Bg3 Rxc3 18. bxc3 Nxe4 19. Be1 Qc7 20. Nd4 d5 21. Rb1 Nc4 22. Qd3 b5 23. Nf5 Qe5 24. Bg4 Ncd6 25. Ne7+ Kh7 26. Nc6 Bxg4 27. Nxe5 Bxe5 28. Qxd5 Bf4 29. c4 Be6 30. Qd4 Bxc4 31. Rxf4 gxf4 32. Bb4 Rd8 33. Bxd6 Nxd6 34. Qb6 Rd7 35. Qc6 Rd8 36. Qc7 1-0

[Event "Coulsden op"]
[Site "Coulsden"]
[Date "1999.09.05"]
[Round "8"]
[White "Vreugdenhil, Frans"]
[Black "Summerscale, Aaron"]
[Result "0-1"]
[WhiteElo "2150"]
[BlackElo "2423"]
[PlyCount "44"]
[EventDate "1999.08.28"]
[Source "www.chesslib.no"]
[SourceDate "2004.05.04"]

1. e4 c5 2. Nf3 d6 3. d4 cxd4 4. Nxd4 Nf6 5. Nc3 g6 6. f4 Nbd7 7. Nf3 Qc7 8. Be3 Bg7 9. Bd3 a6 10. h3 b5 11. a3 Bb7 12. O-O Nc5 13. Bd4 O-O 14. g4 e5 15. fxe5 Nfxe4 16. Nxe4 Nxe4 17. Qe1 dxe5 18. Bxe4 Bxe4 19. Qxe4 exd4 20. Nxd4 Qg3+ 21. Kh1 Qxh3+ 22. Kg1 Rae8 0-1

[Event "World op 30th"]
[Site "Philadelphia"]
[Date "2002.06.30"]
[Round "2"]
[White "Enkin, Max"]
[Black "Zaremba, Andrie"]
[Result "0-1"]
[WhiteElo "2220"]
[BlackElo "2337"]
[PlyCount "78"]
[EventDate "2002.06.29"]
[Source "ChessBase"]
[SourceDate "2002.09.11"]

1. e4 c5 2. Nf3 d6 3. d4 cxd4 4. Nxd4 Nf6 5. Nc3 g6 6. f4 Nbd7 7. Be2 Bg7 8. Be3 O-O 9. O-O a6 10. Bf3 e5 11. Nde2 exf4 12. Nxf4 Ne5 13. Be2 Bg4 14. Nfd5 Nxd5 15. Nxd5 Be6 16. Bb6 Qd7 17. Bd4 Bxd5 18. exd5 Rac8 19. c3 f5 20. b3 Qf7 21. c4 Nd7 22. Qd2 Bxd4+ 23. Qxd4 Rfe8 24. Rae1 Qf6 25. Qxf6 Nxf6 26. Bf3 Re5 27. Rxe5 dxe5 28. Rd1 e4 29. Be2 a5 30. d6 Kf7 31. a3 Ke6 32. b4 axb4 33. axb4 b6 34. g4 Nd7 35. gxf5+ gxf5 36. Bf1 Ne5 37. Rd5 e3 38. Rb5 Rg8+ 39. Kh1 Nf3 0-1

[Event "Calcutta op"]
[Site "Calcutta"]
[Date "1996.??.??"]
[Round "4"]
[White "Hegde, Ravi Gopal"]
[Black "Khakpoor, Abbas"]
[Result "1-0"]
[WhiteElo "2355"]
[BlackElo "2200"]
[PlyCount "53"]
[EventDate "1996.02.??"]
[Source "ChessBase"]

1. e4 c5 2. Nf3 d6 3. d4 cxd4 4. Nxd4 Nf6 5. Nc3 g6 6. f4 Nbd7 7. Bd3 Bg7 8. Nf3 O-O 9. O-O a6 10. a4 e5 11. Kh1 b6 12. Qe1 Bb7 13. fxe5 dxe5 14. Qh4 Nh5 15. Bg5 f6 16. Bc4+ Kh8 17. Be3 Qc7 18. b3 Nf4 19. g3 Ne6 20. Nd5 Bxd5 21. Bxd5 Rae8 22. Qh3 f5 23. Bxe6 Rxe6 24. Ng5 Nf6 25. Nxe6 Qxc2 26. Nxf8 Qxe4+ 27. Qg2 1-0

[Event "Gausdal Int"]
[Site "Gausdal"]
[Date "1982.??.??"]
[Round "1"]
[White "Elseth, Roar"]
[Black "Hakki, Imad"]
[Result "1-0"]
[WhiteElo "2235"]
[BlackElo "2310"]
[PlyCount "47"]
[EventDate "1982.08.??"]
[Source "ChessBase"]

1. e4 c5 2. Nf3 d6 3. d4 cxd4 4. Nxd4 Nf6 5. Nc3 g6 6. f4 Nbd7 7. Be2 Bg7 8. a4 O-O 9. Be3 a6 10. O-O Qc7 11. Nb3 b6 12. Bf3 Bb7 13. Qe2 e5 14. Rad1 exf4 15. Bxf4 Ne5 16. Kh1 Rfe8 17. Rd4 Re6 18. Rfd1 Rc8 19. Qf1 Nc4 20. Bc1 Nd7 21. Bg4 Bxd4 22. Bxe6 fxe6 23. Nxd4 Re8 24. Qe2 1-0

[Event "Steglitz Ch"]
[Site "Berlin West"]
[Date "1987.??.??"]
[Round "?"]
[White "Seppelt, Alfred"]
[Black "Geisler, J."]
[Result "1/2-1/2"]
[WhiteElo "2210"]
[BlackElo "2320"]
[PlyCount "88"]
[EventDate "1987.??.??"]
[Source "www.chesslib.no"]
[SourceDate "2004.05.04"]

1. e4 c5 2. Nf3 d6 3. d4 cxd4 4. Nxd4 Nf6 5. Nc3 g6 6. f4 Nbd7 7. Bc4 Bg7 8. Bb3 a6 9. O-O O-O 10. h3 Qc7 11. Be3 Nc5 12. Nd5 Nxd5 13. exd5 Nxb3 14. axb3 e5 15. Nb5 Qb8 16. Nc3 exf4 17. Bxf4 Bf5 18. g4 Bxc3 19. bxc3 Be4 20. Bh6 Re8 21. Qd2 Qc7 22. Kh2 Qd7 23. Rf2 Qe7 24. Bf4 f5 25. gxf5 Bxf5 26. Rg1 Rad8 27. Rg3 Qe1 28. Qxe1 Rxe1 29. Bd2 Re5 30. c4 Kf7 31. Re3 Rxe3 32. Bxe3 b5 33. cxb5 axb5 34. c4 bxc4 35. bxc4 Rc8 36. Rf4 Ke8 37. Rd4 Kd7 38. Kg3 Ra8 39. Kf3 h5 40. h4 Ra3 41. Kf4 Rc3 42. Bf2 Rc2 43. Be1 Rg2 44. Bg3 Rc2 1/2-1/2

[Event "NOR-ch"]
[Site "Oslo"]
[Date "1984.??.??"]
[Round "8"]
[White "Kristiansen, Erling"]
[Black "Scholseth, Tor Kristian"]
[Result "1/2-1/2"]
[WhiteElo "2320"]
[BlackElo "2200"]
[PlyCount "24"]
[EventDate "1984.??.??"]
[Source "ChessBase"]

1. e4 c5 2. Nf3 d6 3. d4 cxd4 4. Nxd4 Nf6 5. Nc3 g6 6. f4 Nbd7 7. Be2 Bg7 8. Be3 O-O 9. Nb3 a6 10. a4 b6 11. Bf3 Bb7 12. O-O Qc7 1/2-1/2